000 00431nam a2200145 a 4500
001 000029021
005 20200930055300.0
008 110413s1983 dr 000 0 spa d
040 _aDO-SdBNP
_bspa
_cBNPHU
100 1 _aFernández, Pedro Pablo,
_d1953-
_923586
245 1 0 _aPresencia & monólogo Poemas /
_cPedro Pablo Fernández.
260 _aSanto Domingo :
_bEditora Gente,
_c1983.
300 _a30 p. ;
_c27 cm.
049 _aBNPD
999 _c28513
_d28513